| 000 | 00438nam a2200157 i 4500 | ||
|---|---|---|---|
| 001 | 55395 | ||
| 003 | ES-MaACL | ||
| 005 | 20230906163132.0 | ||
| 007 | t| | ||
| 008 | 030918s1907 fr ||||1| fre d | ||
| 100 | 1 |
_aDeperet, Charles. _943752 |
|
| 245 | 1 | 4 |
_aLes transformations du monde animal / _cCharles Deperet. |
| 260 |
_aParis : _bErnest Flammarion, _c1907 ( _fHemmerlé) |
||
| 300 |
_a360 p. ; _c18 cm. |
||
| 852 |
_aES-MaACL _jF-6177 |
||
| 999 |
_c55395 _d55395 |
||